00427nam a2200121Ia 4500008004100000082002200041100003300063245005900096300002000155942000700175999001900182952010400201230907s9999||||xx |||||||||||||| ||und|| a621.31028563bONG aOngsakul, Weerakorn.9115684 0aArtificial intelligence in power system optimization / aix, 510 pages : cBK c599137d599137 00104070aCAS-EbCAS-Ed2019-08-19l0o621.31028563 ONGpCAS-E0003236r2023-09-12w2023-09-12yBK